|
|
|
|
| LEADER |
01157nam a22003134a 4500 |
| 001 |
38622 |
| 003 |
BD-DhAAL |
| 005 |
20220731131610.0 |
| 008 |
220731t2000 nyu b 001 0 eng d |
| 999 |
|
|
|c 44690
|d 44690
|
| 010 |
|
|
|a 99035588
|
| 020 |
|
|
|a 0452281547 (pbk.)
|
| 020 |
|
|
|a 9780452281547
|
| 040 |
|
|
|a DLC
|c DLC
|d DLC
|d BD-DhAAL
|
| 042 |
|
|
|a pcc
|
| 050 |
0 |
0 |
|a PN3355
|b .R26 2000
|
| 082 |
0 |
0 |
|a 808.3
|2 21
|
| 100 |
1 |
|
|a Rand, Ayn.
|9 50435
|
| 245 |
1 |
4 |
|a The art of fiction :
|b a guide for writers and readers /
|c Ayn Rand ; edited by Tore Boeckmann ; introduction by Leonard Peikoff.
|
| 260 |
|
|
|a New York :
|b Plume,
|c c2000.
|
| 300 |
|
|
|a x, 180 pages ;
|c 21 cm.
|
| 504 |
|
|
|a Includes bibliographical references and index.
|
| 541 |
|
|
|a Donated By Akbar Ali Khan
|e 38622
|
| 650 |
|
0 |
|a Fiction
|x Authorship.
|9 50436
|
| 650 |
|
0 |
|a English literature.
|9 50437
|
| 700 |
1 |
|
|a Boeckmann, Tore.
|9 50438
|
| 852 |
|
|
|a Ayesha Abed Library
|c Akbar Ali Khan Collection
|
| 942 |
|
|
|2 ddc
|c BK
|
| 952 |
|
|
|0 0
|1 0
|2 ddc
|4 0
|6 808_300000000000000_RAN
|7 1
|9 71411
|a BRACUL
|b BRACUL
|c AAKC
|d 2022-07-31
|e Donated by Akbar Ali Khan
|l 0
|o 808.3 RAN
|p 3010038622
|r 2022-07-31
|t 1
|w 2022-07-31
|y BK
|